Statistiques concernant Clubs ayant le plus de joueurs internationaux - Top 14.

Cliquez ici pour prendre le quiz!

Statistiques générales

  • Ce quiz a été pris 166 fois
  • Le résultat moyen est 12 sur 14

Statistiques - réponses

JoueursCapesSélectionsClubJoueur le plus capé% Correct
27
552
Racing 92 Gaël Fickou (76)
99%
23460 RC Toulon Sergio Parisse (142)
95%
19314 Stade rochelais Uini Atonio (49)
91%
15326 Stade français Paris Morgan Parra (71)
89%
23280 Lyon OU Romain Taofifénua (40)
86%
26426 Stade toulousain Charlie Faumuina (50)
86%
24426 ASM Clermont Tomas Lavanini (75)
83%
19326 Union Bordeaux-Bègles Guido Petti (66)
81%
15282 Castres olympique Leone Nakarawa (62)
79%
23302 Montpellier HR Titi Lamositele (36)
76%
14118 Section paloise Beka Gorgadze (37)
76%
15252 Aviron bayonnais Konstantin Mikautadze (77)
76%
15216 USA Perpignan Jerónimo de la Fuente (58)
74%
13181
CA Brive Vasil Lobzhanidze (68)
70%

Distribution des résultats

Percentile par nombre de réponses

% des personnes avec chaque résultat

Votre développement - résultats

Vous n’avez pas pris ce quiz